1715 1649 1858 1769 1393 1876 1523 1243 1793 1844 1433 1668 1930 1300 1670 1299 1189 1448 1749 1123 1401 1970 1846 1908 1447 1324 1576 1004 1821 1025 1835 1876 1273 1070 1540 1164 1193 1865 1348 1677 1524 1675 1992 1606 1985 1303 1957 1843 1502 1252 1106 1983 1552 1337 1619 1695 1013 1243 1049 1819 1480 1854 1300 1667 1608 1844 1336 1013 1673 1787 1365 1435 1852 1385 1527 1936 1324 1444 1484 1427 1029 1807 1097 1253 1172 1062 1521 1917 1176 1274 1504 1711 1998 1454 1267 1574 1152 1662 1202 BCNSPRNW ULIB Ver.6.0+V

เปลี่ยนเป็นภาษาไทย

Change to English
 แสดงรายละเอียดบรรณานุกรม
  กลับหน้าหลัก

Brief Record : Get Marc (ISO 2709) : E-mail record : QR code < ปิดหน้าต่าง
LEADER : 00000nam 2200000uu 4500
001    13399122819
003     ULIB
008    130927s2549||||th 000 0 tha d
020    9789749698907
020    9749698908
090    นว.^bฮ111ร
100 0  ^aฮิงาชิโนะ เคโงะ
245 10 ^aรัก ลวง ตาย /^cฮิงาชิโนะ เคโงะ
260    ^aกรุงเทพฯ :^bเนชั่นบุ๊คส์ อินเตอร์เนชั่นแนล,^c2549
300    ^a320 หน้า
945    ^p225^l0^i034045
รายการนี้ยังไม่มีแท็ก
คุณยังไม่ได้ล็อกอิน คุณสามารถมีกิจกรรมร่วมกับเว็บไซต์ได้ แต่ต้องล็อกอินก่อน ::
  ล็อกอิน

รายการสื่อสารสนเทศ

ลำดับที่ ประเภท เลขเรียก/บาร์โค้ด สถานที่ สถานะ
1. นวนิยาย
นวนิยาย
นว. ฮ111ร ฉ.1 
  Barcode: 034045
ห้องสมุดวิทยาเขตสวรรค์ประชารักษ์
►นวนิยาย
บนชั้น
  ขอยืม

BibComment


ยังไม่เคยถูกคอมเมนท์

คอมเมนท์ทรัพยากรรายการนี้
  คอมเมนท์: รัก ลวง ตาย ฮิง..


 Copyright 2026. Bcnsprnw @Library